| 000 | 00465cam a2200181ua 4500 | ||
|---|---|---|---|
| 020 | _c125.00 | ||
| 041 |
_aeng _h |
||
| 082 |
_a581.5 _bANA/BI |
||
| 100 | _aAnantha Krishnan, T N . | ||
| 245 |
_aBioresources ecology / _cT N Anantha Krishnan. _hTextual Documents |
||
| 250 |
_a1 / _b. |
||
| 260 |
_aNew Delhi : _bOxford & IBH Publishing company , _c1990. |
||
| 300 | _a226 ; . | ||
| 365 | _a125.00 | ||
| 504 | _a | ||
| 942 | _cBK | ||
| 999 |
_c9597 _d9597 |
||